Diálogos / (Record no. 103035)

MARC details
000 -LEADER
campo de control de longitud fija 00800nam a2200217 i 4500
001 - NÚMERO DE CONTROL
campo de control 103035
003 - IDENTIFICADOR DE NÚMERO DE CONTROL
campo de control ES-MaACL
005 - FECHA Y HORA DE LA ÚLTIMA TRANSACCIÓN
campo de control 20250823063059.0
007 - CAMPO FIJO DE DESCRIPCIÓN FÍSICA--INFORMACIÓN GENERAL
campo de control de longitud fija t|
008 - DATOS DE LONGITUD FIJA--INFORMACIÓN GENERAL
campo de control de longitud fija 051228s1817 sp ||||1| spa d
100 1# - ENTRADA PRINCIPAL--NOMBRE DE PERSONA
Nombre de persona Vives, Juan Luis,
Fechas asociadas al nombre 1492-1540
9 (RLIN) 115574
245 10 - MENCIÓN DEL TÍTULO
Título Diálogos /
Mención de responsabilidad, etc. de Juan Luis Vives ; traducidos en lengua castellana por el doctor Cristóbal Coret y Peris.
250 ## - MENCION DE EDICION
Mención de edición 10ª ed.
Resto de la mención de edición corregido el texto, mejorada la traducción y añadidas también algunas notas por un discípulo.
260 ## - PUBLICACIÓN, DISTRIBUCIÓN, ETC.
Lugar de publicación, distribución, etc. Madrid :
Nombre del editor, distribuidor, etc. por la Viuda de Barco López,
Fecha de publicación, distribución, etc. 1817.
300 ## - DESCRIPCIÓN FÍSICA
Extensión [8] h., 439 p. ;
Dimensiones 16 cm.
500 ## - NOTA GENERAL
Nota general Texto en latín y español.
597 ## - NOTA DE DESCRIPCIÓN FÍSICA
NOTA DE DESCRIPCIÓN FÍSICA Signaturizado.
700 1# - ENTRADA AGREGADA--NOMBRE PERSONAL
Nombre de persona Coret y Peris, Cristóbal.
9 (RLIN) 40585
852 ## - LOCALIZACIÓN
Ubicación ES-MaACL
Número de control de estantería R-3466
Holdings
Estatus retirado Estado de pérdida Estado de daño No para préstamo Colección Biblioteca de origen Biblioteca actual Ubicación en estantería Fecha de adquisición Fuente de adquisición Total de préstamos Signatura topográfica completa Código de barras Visto por última vez Precio de reemplazo Tipo de ítem Koha
        Libros del s. XIX Biblioteca del Ateneo de Madrid Biblioteca del Ateneo de Madrid Depósito 17/01/2008     R-3466 1107588 23/02/2023 23/02/2023 Libro impreso antiguo